[Event "Geneve Cavaliers Fous op 8th"]
[Site "Geneve"]
[Date "2022.09.02"]
[Round "1"]
[White "Li, Dominique"]
[Black "Aouissi, Mohamed1111"]
[Result "1-0"]
[WhiteElo "2178"]
[BlackElo "1608"]
[PlyCount "71"]
[EventDate "2022.09.02"]
[EventType "swiss"]
[EventRounds "7"]
[EventCountry "SUI"]
[SourceTitle "EXT 2024"]
[Source "ChessBase"]
[SourceDate "2023.10.10"]
[SourceVersion "1"]
[SourceVersionDate "2023.10.10"]
[SourceQuality "1"]

1. e4 Nf6 2. e5 Nd5 3. d4 d6 4. c4 Nb4 5. a3 N4c6 6. exd6 cxd6 7. h3 g6 8. Nf3 Bg7 9. Nc3 Nd7 10. Be2 Nf6 11. d5 Nb8 12. 0-0 0-0 13. Be3 Na6 14. b4 b6 15. Rc1 Nc7 16. Qb3 Bd7 17. Rfd1 Rb8 18. Nd4 a6 19. Nc6 Bxc6 20. dxc6 Ne6 21. Nd5 Nxd5 22. cxd5 Nc7 23. Bf3 b5 24. Qd3 a5 25. bxa5 Ra8 26. Bb6 Qc8 27. Qb3 Be5 28. Be2 e6 29. Bxb5 Nxd5 30. c7 Ne7 31. Qa4 Qb7 32. f4 Bb2 33. Rc2 Bxa3 34. Qxa3 Qxb6+ 35. axb6 Rxa3 36. b7 1-0